Statistics for Non-Stop Scheduled Flights from Canada with Exception

Click here to take the quiz!

General Stats

  • This quiz has been taken 299 times
  • The average score is 18 of 31

Answer Stats

Answer% Correct
Tokyo
95%
Beijing
94%
Sydney
91%
Seoul
89%
Shanghai
89%
Hong Kong
87%
Dubai
84%
Delhi
82%
Auckland
80%
Mumbai
78%
Cairo
77%
Manila
74%
Guangzhou
70%
Taipei
69%
Doha
68%
Abu Dhabi
63%
Tel Aviv
62%
Casablanca
59%
Brisbane
58%
Algiers
50%
Riyadh
48%
Tunis
47%
Karachi
44%
Addis Ababa
39%
Lahore
36%
Xiamen
30%
Amman
26%
Nanjing
19%
Qingdao
14%
Shenyang
10%
Zhengzhou
8%

Score Distribution

Percentile by Number Answered

Percent of People with Each Score

Your Score History

You have not taken this quiz